Diccionario normativo y guía práctica de la lengua española / (Record no. 98192)

MARC details
000 -LEADER
campo de control de longitud fija 00593nam a2200205 i 4500
001 - NÚMERO DE CONTROL
campo de control 98192
003 - IDENTIFICADOR DE NÚMERO DE CONTROL
campo de control ES-MaACL
007 - CAMPO FIJO DE DESCRIPCIÓN FÍSICA--INFORMACIÓN GENERAL
campo de control de longitud fija t|
008 - DATOS DE LONGITUD FIJA--INFORMACIÓN GENERAL
campo de control de longitud fija 050726s1986 sp ||||1| spa d
020 ## - NÚMERO INTERNACIONAL ESTÁNDAR DEL LIBRO
Número Internacional Estándar del Libro 84-344-8200-2
100 1# - ENTRADA PRINCIPAL--NOMBRE DE PERSONA
Nombre de persona Marsá, Francisco.
9 (RLIN) 77097
245 10 - MENCIÓN DEL TÍTULO
Título Diccionario normativo y guía práctica de la lengua española /
Mención de responsabilidad, etc. Francisco Marsá.
250 ## - MENCION DE EDICION
Mención de edición 1ª ed.
260 ## - PUBLICACIÓN, DISTRIBUCIÓN, ETC.
Lugar de publicación, distribución, etc. Barcelona :
Nombre del editor, distribuidor, etc. Ariel,
Fecha de publicación, distribución, etc. 1986.
300 ## - DESCRIPCIÓN FÍSICA
Extensión 477 p. ;
Dimensiones 24 cm.
490 1# - MENCIÓN DE SERIE
Mención de serie Ariel lingüística
830 0# - PUNTO DE ACCESO ADICIONAL DE SERIE-TÍTULO UNIFORME
Título uniforme Ariel lingüística
9 (RLIN) 179613
852 ## - LOCALIZACIÓN
Ubicación ES-MaACL
Número de control de estantería G-5302
Sublocalización o colección R.114154
Holdings
Estatus retirado Estado de pérdida Estado de daño No para préstamo Colección Biblioteca de origen Biblioteca actual Ubicación en estantería Fecha de adquisición Fuente de adquisición Total de préstamos Signatura topográfica completa Código de barras Visto por última vez Precio de reemplazo Tipo de ítem Koha
        Colección de referencia Biblioteca del Ateneo de Madrid Biblioteca del Ateneo de Madrid Depósito 2 17/01/2008     G-5302 1102503 23/02/2023 23/02/2023 Libro impreso